2022 Movies - Statistics

General Stats
  • This quiz has been taken 38 times
  • The average score is 25 of 50
Answer Stats
Picture Answer % Correct
Avatar: The Way Of Water
94%
Top Gun: Maverick
94%
Minions: The Rise Of Gru
91%
Sonic The Hedgehog 2
91%
The Batman
91%
Black Panther: Wakanda Forever
88%
Lightyear
88%
Puss In Boots: The Last Wish
85%
Scream
85%
Thor: Love And Thunder
85%
Jurassic World: Dominion
82%
Black Adam
76%
Turning Red
76%
Doctor Strange In The Mutiverse Of Madness
73%
Elvis
73%
Pinocchio
70%
Halloween Ends
67%
Bullet Train
61%
Glass Onion: A Knives Out Mystery
61%
DC League Of Super-Pets
55%
Morbius
55%
Fantastic Beasts: The Secrets Of Dumbledore
52%
Hocus Pocus 2
52%
The Bad Guys
52%
Uncharted
52%
Everything Everywhere All At Once
48%
Nope
48%
M3GAN
45%
Terrifier 2
45%
Roald Dahl's Matilda The Musical
39%
The Woman King
36%
Chip 'n Dale: Rescue Rangers
33%
Death On The Nile
33%
Beast
27%
Prey
27%
Strange World
27%
The Northman
27%
Violent Night
27%
Don’t Worry Darling
24%
Ambulance
21%
The Gray Man
21%
The Unbearable Weight Of Massive Talent
21%
Spirited
18%
The Lost City
18%
Disenchanted
15%
The 355
15%
Ticket To Paradise
15%
Whitney Houston: I Wanna Dance With Somebody
15%
Moonfall
12%
Father Stu
9%
No matching quizzes found
Score Distribution
Percent of People with Each Score
Percentile by Number Answered
Your Score History
You have not taken this quiz